<?xml version="1.0" encoding="UTF-8"?><marc:collection xmlns:marc="http://www.loc.gov/MARC21/slim">
  <marc:record>
    <marc:leader>00000cem  2200000za 4500</marc:leader>
    <marc:controlfield tag="001">9.820075</marc:controlfield>
    <marc:controlfield tag="003">CaOODSP</marc:controlfield>
    <marc:controlfield tag="005">20260511144007</marc:controlfield>
    <marc:controlfield tag="006">m    go  c f      </marc:controlfield>
    <marc:controlfield tag="007">cr c||||||||||</marc:controlfield>
    <marc:controlfield tag="008">160627s2014    onc||||bh a  fo 0   eng|d</marc:controlfield>
    <marc:datafield tag="040" ind1=" " ind2=" ">
      <marc:subfield code="a">CaOODSP</marc:subfield>
      <marc:subfield code="b">eng</marc:subfield>
    </marc:datafield>
    <marc:datafield tag="043" ind1=" " ind2=" ">
      <marc:subfield code="a">n-cn---</marc:subfield>
    </marc:datafield>
    <marc:datafield tag="086" ind1="1" ind2=" ">
      <marc:subfield code="a">M183-2/7604E-PDF</marc:subfield>
    </marc:datafield>
    <marc:datafield tag="245" ind1="1" ind2="0">
      <marc:subfield code="a">Geology of the north and mid-coast regions, British Columbia </marc:subfield>
      <marc:subfield code="h">[electronic resource] : </marc:subfield>
      <marc:subfield code="b">(parts of NTS 103-A, -G, -H, -I and -J) / </marc:subfield>
      <marc:subfield code="c">[by] J.L. Nelson ... [et al.].</marc:subfield>
    </marc:datafield>
    <marc:datafield tag="255" ind1=" " ind2=" ">
      <marc:subfield code="a">Scale 1:150 000 ; </marc:subfield>
      <marc:subfield code="b">Universal Transverse Mercator Projection, Zone 9.</marc:subfield>
    </marc:datafield>
    <marc:datafield tag="260" ind1=" " ind2=" ">
      <marc:subfield code="a">[Ottawa] : </marc:subfield>
      <marc:subfield code="b">Natural Resources Canada, </marc:subfield>
      <marc:subfield code="c">2014.</marc:subfield>
    </marc:datafield>
    <marc:datafield tag="300" ind1=" " ind2=" ">
      <marc:subfield code="a">2 maps : </marc:subfield>
      <marc:subfield code="b">col.</marc:subfield>
    </marc:datafield>
    <marc:datafield tag="490" ind1="1" ind2=" ">
      <marc:subfield code="a">Open file (Geological Survey of Canada) ; </marc:subfield>
      <marc:subfield code="v">7604</marc:subfield>
    </marc:datafield>
    <marc:datafield tag="490" ind1="0" ind2=" ">
      <marc:subfield code="a">Geoscience map (British Columbia Geological Survey) ; </marc:subfield>
      <marc:subfield code="v">2014-3</marc:subfield>
    </marc:datafield>
    <marc:datafield tag="500" ind1=" " ind2=" ">
      <marc:subfield code="a">Title from map.</marc:subfield>
    </marc:datafield>
    <marc:datafield tag="504" ind1=" " ind2=" ">
      <marc:subfield code="a">Includes bibliographic references.</marc:subfield>
    </marc:datafield>
    <marc:datafield tag="520" ind1=" " ind2=" ">
      <marc:subfield code="a">This set of two 1:150,000 sheets includes the westernmost Coast Mountains, the Inside Passage and surrounding islands between Porcher Island and Klemtu. The area is underlain by metamorphosed rocks of the Alexander terrane, which are intruded by eastward-younging Late Jurassic to Paleocene plutonic belts of the Coast Plutonic Complex. This work has subdivided the Alexander terrane in coastal northwestern British Columbia for the first time, and has demonstrated correlations with better-known exposures in southeastern Alaska and the St. Elias Range. It also assigns intrusive bodies to plutonic suites, based on new U-Pb geochronology. Mapping between 2008 and 2012 was supported by the Natural Resources Canada Geoscience for Energy and Minerals Program, Multi-metals Northwest Cordillera Project (Geological Survey of Canada) and the British Columbia Geological Survey.</marc:subfield>
    </marc:datafield>
    <marc:datafield tag="692" ind1="0" ind2="7">
      <marc:subfield code="2">gccst</marc:subfield>
      <marc:subfield code="a">Geophysics</marc:subfield>
    </marc:datafield>
    <marc:datafield tag="692" ind1="0" ind2="7">
      <marc:subfield code="2">gccst</marc:subfield>
      <marc:subfield code="a">Stratigraphy</marc:subfield>
    </marc:datafield>
    <marc:datafield tag="692" ind1="0" ind2="7">
      <marc:subfield code="2">gccst</marc:subfield>
      <marc:subfield code="a">Maps</marc:subfield>
    </marc:datafield>
    <marc:datafield tag="700" ind1="1" ind2=" ">
      <marc:subfield code="a">Nelson, J. L.</marc:subfield>
    </marc:datafield>
    <marc:datafield tag="710" ind1="1" ind2=" ">
      <marc:subfield code="a">Canada. </marc:subfield>
      <marc:subfield code="b">Natural Resources Canada.</marc:subfield>
    </marc:datafield>
    <marc:datafield tag="710" ind1="1" ind2=" ">
      <marc:subfield code="a">British Columbia. </marc:subfield>
      <marc:subfield code="b">Ministry of Energy and Mines.</marc:subfield>
    </marc:datafield>
    <marc:datafield tag="710" ind1="2" ind2=" ">
      <marc:subfield code="a">Geological Survey of Canada.</marc:subfield>
    </marc:datafield>
    <marc:datafield tag="830" ind1="#" ind2="0">
      <marc:subfield code="a">Open file (Geological Survey of Canada)</marc:subfield>
      <marc:subfield code="v">7604.</marc:subfield>
      <marc:subfield code="w">(CaOODSP)9.832719</marc:subfield>
    </marc:datafield>
    <marc:datafield tag="856" ind1="4" ind2="0">
      <marc:subfield code="q">PDF</marc:subfield>
      <marc:subfield code="s">25.02 MB</marc:subfield>
      <marc:subfield code="u">https://publications.gc.ca/collections/collection_2016/rncan-nrcan/M183-2-7604-1-eng.pdf</marc:subfield>
      <marc:subfield code="z">Map 1</marc:subfield>
    </marc:datafield>
    <marc:datafield tag="856" ind1="4" ind2="0">
      <marc:subfield code="q">PDF</marc:subfield>
      <marc:subfield code="s">26.68 MB</marc:subfield>
      <marc:subfield code="u">https://publications.gc.ca/collections/collection_2016/rncan-nrcan/M183-2-7604-2-eng.pdf</marc:subfield>
      <marc:subfield code="z">Map 2</marc:subfield>
    </marc:datafield>
    <marc:datafield tag="986" ind1=" " ind2=" ">
      <marc:subfield code="a">doi:10.4095/295460</marc:subfield>
    </marc:datafield>
  </marc:record>
</marc:collection>
